symboles que l'on peut lire sur un clavier azerty - Statistiques

Statistiques générales
  • Ce quiz a été pris 24 fois
  • Le résultat moyen est 6 sur 8
Statistiques - réponses
Hint Réponse % Correct
1 Er
90%
8 Bn
76%
2 Io
71%
6 Kl
71%
7 Lm
71%
4 Fg
62%
5 Hj
62%
3 Qs
62%
Aucun quiz correspondant
Distribution des résultats
% des personnes avec chaque résultat
Percentile par nombre de réponses
Votre historique - résultats
Vous n’avez pas pris ce quiz